Výkaz peňažných tokov a jeho analýza dizertačná práca

Na minha lista:
Detalhes bibliográficos
Autor principal: Sklenka, Miloš
Autor Corporativo: Ekonomická univerzita v Bratislave. Fakulta hospodárskej informatiky
Outros Autores: Šlosárová, Anna
Formato: Livro
Idioma:eslovaco
Publicado em: Bratislava 2010
Assuntos:
Tags: Adicionar Tag
Sem tags, seja o primeiro a adicionar uma tag!

MARC

LEADER 00000nam$a2200000$$$4500
001 0119151
005 20240502072328.5
041 0 |a slo 
044 |a SK 
245 1 0 |a Výkaz peňažných tokov a jeho analýza  |b dizertačná práca  |c Miloš Sklenka ; škol. Anna Šlosárová 
264 1 |a Bratislava  |c 2010 
300 |a 197 s. 
610 2 0 |a účtovníctvo 
610 2 0 |a závierka účtovná 
610 2 0 |a výkazy účtovné 
100 1 |a Sklenka, Miloš 
700 1 |a Šlosárová, Anna 
710 2 |a Ekonomická univerzita v Bratislave. Fakulta hospodárskej informatiky